000 01467nam a2200205Ia 4500
003 Ost
005 20260507075109.0
008 260507s9999||||xx |||||||||||||| ||und||
040 _cfsecg
041 _aara
082 _a330
100 _aالصبان، محمد سمير
_eمؤلف
245 0 _aنظرية المراجعة وآليات التطبيق /
_c محمد سمير الصبان
260 _aالاسكندرية:
_bالدار الجامعية للطباعة,
_c2001
300 _a756 صفحة؛
_c24 سم
520 _aفي هذا الكتاب : 1- معايير المراجعةالمتعارف عليها 2- مسؤولية المراجع وأداب السلوك المهني 3- تقرير المراجع والسلوك المهني 4- تقرير المراجع الخارجي 5- الرقابة الداخلية 6- الجونب السلوكية للرقابة الداخلية 7- قرائن وأدلة الإثبات في المراجعة 8- المدخل الإحصائي في مجال اختبارات المراجع الادارية 9- المراجعة الإجتماعية واختبارات التحقق من الأداء الإجتماعي للوحدة الإقتصادية 10- اختبارات المراجعة المستندية 11- اختبارات التحقق من الأصول والخصوم وعناصر نتيجة الأعمال
653 _aآليات التطبيق
653 _aنظرية المراجعة
942 _cكتاب
999 _c42851
_d42851